Science Quiz

Random Science or Grab Bag Quiz

Blackboard Blitz: Math Symbols Quiz Stats

 Plays Quiz not verified by Sporcle

Score 0/12 Timer 01:00
7 Plays Today
% Correct
Copyright
91.6%
Spade
89.7%
Trademark
84.8%
Double flat
84.1%
Flat
83.7%
Quarter rest
82%
Natural
80.7%
Fermata
72.3%
Mordent
71.3%
Mezzopiano
70.5%
Octave down
56.6%
Turn (musical)
51.9%

You're not logged in!

Compare scores with friends on all Sporcle quizzes.
OR
Log In

You Might Also Like...

Show Comments

Extras

Top Quizzes Today


Score Distribution

Your Account Isn't Verified!

In order to create a playlist on Sporcle, you need to verify the email address you used during registration. Go to your Sporcle Settings to finish the process.

Report this User

Report this user for behavior that violates our Community Guidelines.

Details: